<?xml version="1.0" encoding="UTF-8"?><?xml-stylesheet type="text/xsl" href="static/style.xsl"?><OAI-PMH xmlns="http://www.openarchives.org/OAI/2.0/" xmlns:xsi="http://www.w3.org/2001/XMLSchema-instance" xsi:schemaLocation="http://www.openarchives.org/OAI/2.0/ http://www.openarchives.org/OAI/2.0/OAI-PMH.xsd"><responseDate>2026-04-19T10:44:05Z</responseDate><request verb="GetRecord" identifier="oai:riubu.ubu.es:10259/4320" metadataPrefix="marc">https://riubu.ubu.es/oai/request</request><GetRecord><record><header><identifier>oai:riubu.ubu.es:10259/4320</identifier><datestamp>2022-04-29T12:02:46Z</datestamp><setSpec>com_10259_4244</setSpec><setSpec>com_10259_5086</setSpec><setSpec>com_10259_2604</setSpec><setSpec>col_10259_4245</setSpec></header><metadata><record xmlns="http://www.loc.gov/MARC21/slim" xmlns:doc="http://www.lyncode.com/xoai" xmlns:xsi="http://www.w3.org/2001/XMLSchema-instance" xmlns:dcterms="http://purl.org/dc/terms/" xsi:schemaLocation="http://www.loc.gov/MARC21/slim http://www.loc.gov/standards/marcxml/schema/MARC21slim.xsd">
<leader>00925njm 22002777a 4500</leader>
<datafield tag="042" ind1=" " ind2=" ">
<subfield code="a">dc</subfield>
</datafield>
<datafield tag="720" ind1=" " ind2=" ">
<subfield code="a">García Solaesa, Ángela</subfield>
<subfield code="e">author</subfield>
</datafield>
<datafield tag="720" ind1=" " ind2=" ">
<subfield code="a">Sanz Díez, Mª Teresa</subfield>
<subfield code="e">author</subfield>
</datafield>
<datafield tag="720" ind1=" " ind2=" ">
<subfield code="a">Falkeborg, Mia</subfield>
<subfield code="e">author</subfield>
</datafield>
<datafield tag="720" ind1=" " ind2=" ">
<subfield code="a">Beltrán Calvo, Sagrario</subfield>
<subfield code="e">author</subfield>
</datafield>
<datafield tag="720" ind1=" " ind2=" ">
<subfield code="a">Guo, Zheng</subfield>
<subfield code="e">author</subfield>
</datafield>
<datafield tag="260" ind1=" " ind2=" ">
<subfield code="c">2016-01</subfield>
</datafield>
<datafield tag="520" ind1=" " ind2=" ">
<subfield code="a">Production of monoacylglycerols (MAGs) rich in x-3 polyunsaturated fatty acids (n-3 PUFAs) was conducted&#xd;
through short path distillation (SPD) of an acylglycerol mixture (containing 67% MAGs) produced&#xd;
by enzymatic glycerolysis of sardine oil with glycerol. A stepwise SPD process in a UIC KDL 5 system (vacuum&#xd;
10 3 mbar, feeding flow 1.0 mL/min) was proceeded: the first distillation performed at evaporator&#xd;
temperature (TE) of 110  C to remove glycerol completely and most of FFAs; and the second distillation&#xd;
at optimized TE 155  C; resulting in a stream distillate with 91% purity and 94% overall recovery of&#xd;
MAGs. This work also demonstrated that SPD is able to concentrate n-3 PUFAs in MAG form by distilling&#xd;
at proper TE e.g. 125  C, where n-3 PUFAs are concentrated in the residues. Moreover, this work mapped&#xd;
out a complete processing diagram for scalable production of n-3 PUFAs enriched MAGs as potential food&#xd;
emulsifier and ingredient.</subfield>
</datafield>
<datafield tag="024" ind2=" " ind1="8">
<subfield code="a">0308-8146</subfield>
</datafield>
<datafield tag="024" ind2=" " ind1="8">
<subfield code="a">http://hdl.handle.net/10259/4320</subfield>
</datafield>
<datafield ind1=" " ind2=" " tag="653">
<subfield code="a">Monoacylglycerols (MAGs) glycerolysis</subfield>
</datafield>
<datafield ind1=" " ind2=" " tag="653">
<subfield code="a">Lipozyme 435</subfield>
</datafield>
<datafield ind1=" " ind2=" " tag="653">
<subfield code="a">Omega-3 polyunsaturated fatty acids (n-3 PUFAs)</subfield>
</datafield>
<datafield ind1=" " ind2=" " tag="653">
<subfield code="a">Short path distillation (SPD)</subfield>
</datafield>
<datafield tag="245" ind1="0" ind2="0">
<subfield code="a">Production and concentration of monoacylglycerols rich in omega-3 polyunsaturated fatty acids by enzymatic glycerolysis and molecular distillation</subfield>
</datafield>
</record></metadata></record></GetRecord></OAI-PMH>